000 00497nam a2200181Ia 4500
003 GCL
008 140319s9999 xx 000 0 eng d
040 _aGCL /
_cGCL
082 0 4 _a301.01
_bL D
100 1 _aLEHMANN M., JENNIBER
245 1 0 _aDECONSTRUCTING DURKHEIM: APOST - POST - STRUCTURALIST CRITIQUE /
_cLEHMANN M., JENNIBER
260 _a[S.N] :
_bROUTLEDGE ،
_c1993
300 _a270 P
650 0 4 _aSOCIOLOGY
650 0 4 _aPHILOSOPHY
650 0 4 _aDECONSTRUCTION
942 _2ddc
_cBK
999 _c10501
_d10501